Public policy : (Record no. 9633)
[ view plain ]
| 000 -LEADER | |
|---|---|
| fixed length control field | 00745nac a22002051u 4500 |
| 010 ## - LIBRARY OF CONGRESS CONTROL NUMBER | |
| LC control number | 95010756 |
| 020 ## - INTERNATIONAL STANDARD BOOK NUMBER | |
| International Standard Book Number | 1852785535 (cased) |
| 020 ## - INTERNATIONAL STANDARD BOOK NUMBER | |
| International Standard Book Number | 1852785543 (paperback) |
| 082 00 - DEWEY DECIMAL CLASSIFICATION NUMBER | |
| Classification number | 320.6 |
| Item number | PAR |
| 090 ## - LOCALLY ASSIGNED LC-TYPE CALL NUMBER (OCLC); LOCAL CALL NUMBER (OCLC) | |
| -- | 9633 |
| -- | 9633 |
| 100 ## - MAIN ENTRY--PERSONAL NAME | |
| Personal name | Parsons, D. W. |
| 245 10 - TITLE STATEMENT | |
| Title | Public policy : |
| Remainder of title | an introduction to the theory and practice of policy analysis / |
| Statement of responsibility, etc | Wayne Parsons. |
| 260 ## - PUBLICATION, DISTRIBUTION, ETC. (IMPRINT) | |
| Place of publication, distribution, etc | Aldershot, UK ; |
| -- | Brookfield, Vt., US : |
| Name of publisher, distributor, etc | Edward Elgar,1995 |
| Date of publication, distribution, etc | c1995. |
| 300 ## - PHYSICAL DESCRIPTION | |
| Extent | xviii, 675 p. : |
| Other physical details | ill. ; |
| Dimensions | 25 cm. |
| 500 ## - GENERAL NOTE | |
| General note | distributer: Al-Ahram |
| 504 ## - BIBLIOGRAPHY, ETC. NOTE | |
| Bibliography, etc | Includes bibliographical references (p. 617-651) and index. |
| 511 ## - PARTICIPANT OR PERFORMER NOTE | |
| Participant or performer note | catalogued by: wessam |
| 650 #0 - SUBJECT ADDED ENTRY--TOPICAL TERM | |
| Topical term or geographic name as entry element | Policy sciences. |
| 942 ## - ADDED ENTRY ELEMENTS (KOHA) | |
| Item type | NB - Book (Non borrowing) |
| Call number prefix | 320.6PAR |
| Withdrawn status | Item status | Damaged status | Not for loan | Home library | Current library | Shelving location | Date acquired | Source of acquisition | Total Checkouts | Full call number | Barcode | Date last seen | Koha item type | Total Renewals | Date last borrowed |
|---|---|---|---|---|---|---|---|---|---|---|---|---|---|---|---|
| Central Library | Central Library | First floor | 25/05/2008 | Purchase | 320.6PAR | 000011609 | 15/07/2025 | NB - Book (Non borrowing) | |||||||
| Central Library | Central Library | First floor | 25/05/2008 | Purchase | 2 | 320.6PAR | 000011597 | 15/07/2025 | Book - Borrowing | 21 | 22/02/2016 | ||||
| Central Library | Central Library | First floor | 25/05/2008 | Purchase | 4 | 320.6PAR | 000011619 | 15/07/2025 | Book - Borrowing | 29 | 13/12/2016 | ||||
| Central Library | Central Library | First floor | 25/05/2008 | Purchase | 5 | 320.6PAR | 000011620 | 15/07/2025 | Book - Borrowing | 18 | 15/02/2017 | ||||
| Central Library | Central Library | First floor | 25/05/2008 | Purchase | 3 | 320.6PAR | 000011634 | 11/11/2025 | Book - Borrowing | 3 | 28/10/2025 |